000 00549nam a22002057a 4500
003 OSt
005 20140310181749.0
008 130626t xxu||||| |||| 00| 0 eng d
020 _aA97632
050 _aTA 1634
_b.C932 1997
082 _2FIL 005.3
_bC86 1997
100 _aCrisostomo, Conchita
245 _aWord Processing for windows /
_cConchita Crisostomo.
260 _aPhilippines :
_b3k IT educational sevices,
_c1997.
300 _a113 p. :
_bill. ;
_c22 cm.
562 _e2
650 _aComputers
942 _2lcc
_cBK
999 _c3114
_d3114